000 00542nam a22001817a 4500
005 20251108170905.0
008 250721s1999 xx 000 0 ara d
082 1 4 _a743/جود
100 1 _aجودي، محمد حسين
245 1 0 _aالرسم و الأشغال اليدوية /
250 _aط2
264 1 _aعمان :
_bدار المسيرة للنشر و التوزيع و الطباعة،
_c1999.
300 _a296ص
650 1 7 _aالرسم
650 1 7 _aالفنون التشكيلية
942 _2ddc
_cBK
999 _c51429
_d51429